000 01442nam a2200445 i 4500
001 28508
003 KOSZ 005
005 20200522135725.0
008 981023s1987 pl a f |001 0 pol
015 _aUWD 1987/4668
020 _a8320407923
035 _a991007210549705066
035 _a(PL-WaBN)b11872962-48omnis_nlop
035 _ab11872962
035 _a(OCoLC)297668935
035 _a(PL)b0000001187296
035 _a(EXLNZ-48OMNIS_NETWORK)9910512158605606
040 _aWA N
_cWA N
_dKOSZ 005/EG
041 0 _apol
080 _a621.86/.87
100 1 _aŚwiątkiewicz, Henryk Jan
_eAutor
245 1 0 _aPoradnik dźwignicowego /
_cHenryk J. Świątkiewicz.
260 _aWarszawa :
_bWydawnictwa Naukowo-Techniczne,
_c1987.
300 _a431, [1] s. :
_brys., wykr. ;
_c21 cm.
336 _aTekst
_btxt
_2rdacontent
337 _aBez urządzenia pośredniczącego
_bn
_2rdamedia
338 _aWolumin
_bnc
_2rdacarrier
380 _aKsiążki
380 _aPublikacje fachowe
388 _a1901-2000
388 _a1945-1989
504 _aBibliogr. s. 421-422. - Indeks.
650 7 _aDźwignice
_2DBN
655 7 _aPoradniki
_2DBN
658 _aInżynieria i technika
710 2 _aWydawnictwa Naukowo-Techniczne
_4pbl
856 _uhttp://koha.tu.koszalin.pl/cgi-bin/koha/opac-detail.pl?biblionumber=28508
_yKatalog online BPK
942 _2UKD
_cKS
999 _c28508
_d28508